000 00403nam a22001457a 4500
020 _qPB.
040 _cFIZZA ISHAQ
082 _a100
_bHEL
100 _aMITCHELL,BUSS HELEN.
_9134048
245 _aREADINGS FROM THE ROOTS OF WISDOM A MULTICULTURAL READER /
_cHELEN BUSS MITCHELL.
250 _a3rd ED.
260 _aAUSTRALIA ;
_bWADSWORTH,
_c2002.
300 _a333 P. ;
_c9.5X7.6IN
942 _2ddc
_cBK
999 _c616976
_d616976